Súboj géniov keby sa Hannibalovi nepostavil do cesty Scipio, druhú púnsku vojnu by Rím prehral

Bibliographic Details
Main Author: Konečný, Martin, 1983- (Author)
Format: Article
Language:Slovak
PhysicalDescription:Obr.
ISSN:1210-2040
Subjects:
Online Access:www.plus7dni.sk

MARC

LEADER 00000nab a2200000 a 4500
001 vtls008944110
003 SK-MaSNL
005 20260303070931.0
008 070208 2007 xo r r 000 0 slo
015 |a SNBRB2007/02  |2 kevkjb 
038 |a KEVKJB 
040 |a KEVKJB  |b slo  |c KEVKJB  |e AACR2 
041 0 |a slo 
044 |a xo  |c SK 
080 |a 94(37)  |2 2001 
080 |a 94(397)  |2 2001 
080 |a 94(611)  |2 2001 
080 |a 355.422  |2 2001 
100 1 |a Konečný, Martin,  |d 1983-  |4 aut  |9 212276 
245 1 0 |a Súboj géniov  |b keby sa Hannibalovi nepostavil do cesty Scipio, druhú púnsku vojnu by Rím prehral  |c Martin Konečný 
300 |b Obr. 
600 0 7 |a Hannibal,  |d 246-183 pred Kr.  |2 kevkjb  |9 133778 
600 0 7 |a Scipio Africanus,  |d 185/4-129 pr. Kr.  |2 kevkjb  |9 1068993 
650 0 7 |a púnske vojny, 264-146 pred Kr.  |2 kevkjb  |9 118964 
651 7 |a Rímska ríša  |2 kevkjb  |9 212347 
651 7 |a Kartágo (zaniknuté mesto)  |2 SNKPHgeo  |9 247381 
773 0 |t Plus 7 dní  |g Roč. XVII, č. 6 (2007), s. 48-51  |x 1210-2040 
852 |a KEVKJB  |b KIS3GCP 
856 4 1 |u www.plus7dni.sk 
999 |c 1757588  |d 1759518